Pápeži a nástup fašizmu Pius XI.

Bibliographic Details
Main Author: Bernáth, Viliam, 1940- (Author)
Format: Article
Language:Slovak
ISSN:0323-2018
Subjects:

MARC

LEADER 00000nab a2200000 a 4500
001 vtls000846653
003 SK-MaSNL
005 20260304052419.0
008 140402c xo 0 slo
015 |a SNBRB2003/10-26401 
035 |a CLN000198308 
040 |a SNKBUCL  |b slo  |c SNKBUCL  |e AACR2 
041 0 |a slo 
044 |a xo  |c SK 
080 |a 94(450)"192/193":321.64  |2 1997 
080 |a 321.64(450)"192/193"  |2 1997 
080 |a 329.18(450)"192/193"  |2 1997 
080 |a 172.15(450)"192/193"  |2 1997 
080 |a 94(456.31)"192/193"  |2 1997 
080 |a 262.13"192/193"  |2 1997 
100 1 |a Bernáth, Viliam,  |d 1940-  |4 aut  |9 286874 
245 1 0 |a Pápeži a nástup fašizmu  |b Pius XI.  |c Viliam Bernáth 
600 0 7 |a Pius  |b XI.,  |c pápež,  |d 1857-1939  |2 snkbucl  |9 75947 
650 0 7 |a fašizmus  |z Taliansko  |y stor. 20., r. 20.-30.  |2 snkbucl  |9 1335610 
650 0 7 |a nacizmus  |z Taliansko  |y stor. 20., r. 20.-30.  |2 snkbucl  |9 1335611 
651 7 |a Taliansko  |2 snkbucl  |9 21019 
651 7 |a Vatikán  |x dejiny  |2 snkbucl  |9 85869 
655 7 |a články z novín a časopisov  |2 snkbucl  |9 267496 
773 0 |t Bojovník  |g Roč. 48(47), č. 20 (2003), s. 8  |x 0323-2018 
850 |a Slovenská národná knižnica v Martine 
852 |a SNK  |b KIS3GCP 
958 |a IT 
958 |a VA 
992 |a RBX 
999 |c 2708133  |d 2710063